000 00522nam a2200181 a 4500
001 12124
003 CO-ViMGA
008 141112s2004 ck r 000 u spa d
020 _a9701011864
040 _aCO-ViMGA
_bspa
_cCO-ViMGA
082 0 4 _a616.026 H151m
100 1 _aHalabe, Jose
_917180
245 1 0 _aEl Internista :
_bMedicina interna para internistas
260 _aMexico :
_bMcGraw - Hill InterAméricana Editores S.A. de C.V.,
_c1997
300 _a1430 p.
650 1 4 _aPRACTICA MEDICA
_917181
942 _2ddc
_cBK
999 _c23164
_d23164